| 000 | 00555nas a2200193 i 4500 | ||
|---|---|---|---|
| 001 | 173588 | ||
| 003 | ES-MaACL | ||
| 005 | 20250217134855.0 | ||
| 008 | 091210c1960 sp a| | ||pa d | ||
| 245 | 0 | 0 | _aAnuario español de los bancos, bolsas y cajas de ahorro. |
| 260 |
_aMadrid : _b[s.n.], _c1960- |
||
| 300 |
_a1079 p. ; _c29 cm. |
||
| 310 | _aIrregular | ||
| 650 | 4 |
_aBancos- _zEspaña- _vEstadísticas. _9151694 |
|
| 650 | 4 |
_aCajas de ahorros- _zEspaña. _910665 |
|
| 852 | 4 |
_aES-MaACL _jG-5461 |
|
| 866 | 0 | _o1965-66. | |
| 999 |
_c173588 _d173588 |
||